Piłkarze Bayernu Monachium 24/25 - Statystyki

Ogólne statystyki
  • Ten quiz został rozwiązany 150 razy
  • Średni wynik to 18 z 29
Statystyki odpowiedzi
Piłkarz Narodowość Pozycja % Poprawnych
Neuer Niemcy Bramkarz
100%
Kane Anglia Napastnik
92%
Davies Kanada Obrońca
88%
Upamecano Francja Obrońca
88%
Kim Min Jae Korea Południowa Obrońca
83%
Coman Francja Napastnik
80%
Kimmich Niemcy Pomocnik
78%
Dier Anglia Obrońca
76%
Sane Niemcy Napastnik
76%
Gnabry Niemcy Napastnik
75%
Musiala Niemcy Pomocnik
73%
Goretzka Niemcy Pomocnik
71%
Laimer Austria Pomocnik
71%
Muller Niemcy Napastnik
71%
Ito Japonia Obrońca
69%
Guerreiro Portugalia Obrońca
63%
Peretz Izrael Bramkarz
63%
Stanisic Chorwacja Obrońca
62%
Ulreich Niemcy Bramkarz
62%
Tel Francja Napastnik
61%
Olise Francja Napastnik
60%
Pavlovic Niemcy Pomocnik
57%
Palhinha Portugalia Pomocnik
47%
Boey Francja Obrońca
44%
Aznou Maroko Obrońca
27%
Irankunda Australia Napastnik
23%
Ibrahimovic Niemcy Napastnik
22%
Buchmann Niemcy Obrońca
20%
Nkili Niemcy Pomocnik
3%
Nie znaleziono quizów pasujących do podanych kryteriów
Rozkład punktacji
Procent ludzi z każdym wynikiem
Percentyl według liczby udzielonych odpowiedzi
Twoja historia wyników
Nie rozwiązałeś tego quizu